000 00516nam a2200193Ia 4500
005 20260429112259.0
008 260429s9999||||xx |||||||||||||| ||und||
020 _a9783111014814
041 _aEnglish
082 _a514.2
_bKNU
100 _aKnudson, Kevin p.
245 0 _aAlgebraic topology :
_ba toolkit /
_cKevin p. Knudson
260 _aBerlin :
_bDe Gruyter,
_c2024.
300 _axiii, 248 p.; pbk
650 _a Pure mathematics
650 _a Topology
650 _aAlgebraic topology
942 _cTB
999 _c53290
_d53290